[Event "Gibtelecom ChallWk1 5th"]
[Site "Gibraltar"]
[Date "2007.01.27"]
[Round "5.7"]
[White "Dekker, Alain"]
[Black "Stokes, Ivan"]
[Result "1/2-1/2"]
[WhiteElo "2144"]
[BlackElo "2044"]
[PlyCount "98"]
[EventDate "2007.01.23"]
[EventType "swiss"]
[EventRounds "5"]
[EventCountry "GGB"]
[SourceTitle "BritBase"]
[Source "www.saund.co.uk"]
[SourceDate "2018.02.10"]
[SourceVersion "1"]
[SourceVersionDate "2018.02.10"]
[SourceQuality "1"]

1. e4 c5 2. Nf3 d6 3. d4 cxd4 4. Nxd4 Nf6 5. Nc3 a6 6. g4 b5 7. f3 b4 8. Nce2
e6 9. Be3 Be7 10. Qd2 O-O 11. O-O-O Qc7 12. Kb1 Nbd7 13. Ng3 Rb8 14. Qf2 Ne5
15. g5 Ne8 16. h4 Nc4 17. Bxc4 Qxc4 18. h5 a5 19. Qh2 a4 20. b3 Qc7 21. f4 a3
22. f5 Qc3 23. Bc1 Bxg5 24. Rd3 Qc5 25. Bxg5 Ba6 26. Rdd1 e5 27. Nf3 Qc3 28.
Bc1 Qxf3 29. f6 Qxf6 30. Rdg1 Kh8 31. Nf5 d5 32. Rg6 fxg6 33. hxg6 Qxg6 34. Rg1
Qe6 35. Rh1 Qg6 36. Rg1 Qxg1 37. Qxg1 dxe4 38. Ng3 Nf6 39. Qa7 Bb7 40. c3 bxc3
41. Bxa3 c2+ 42. Kxc2 Ra8 43. Qxb7 Rxa3 44. Nf5 Rxa2+ 45. Kc3 Rg8 46. b4 Raa8
47. Kb3 Rad8 48. Qe7 Rde8 49. Qa7 Ra8 1/2-1/2

[Event "Gibtelecom ChallWk1 5th"]
[Site "Gibraltar"]
[Date "2007.01.27"]
[Round "5.8"]
[White "Schmidt, Jens Uwe"]
[Black "Millward, Richard"]
[Result "0-1"]
[WhiteElo "2092"]
[BlackElo "2140"]
[PlyCount "92"]
[EventDate "2007.01.23"]
[EventType "swiss"]
[EventRounds "5"]
[EventCountry "GGB"]
[SourceTitle "BritBase"]
[Source "www.saund.co.uk"]
[SourceDate "2018.02.10"]
[SourceVersion "1"]
[SourceVersionDate "2018.02.10"]
[SourceQuality "1"]

1. e4 c5 2. Nc3 e6 3. d3 Qc7 4. g3 a6 5. Bg2 Nc6 6. Be3 Nf6 7. h3 d6 8. Nge2
Bd7 9. Qd2 Be7 10. O-O Rc8 11. g4 h6 12. f4 b5 13. Ng3 b4 14. Nce2 e5 15. c3
bxc3 16. bxc3 Rb8 17. Nf5 Bxf5 18. exf5 exf4 19. Bxf4 Ne5 20. d4 Ned7 21. Rfe1
O-O 22. Rac1 Rfe8 23. Ng3 Qa5 24. Rxe7 Rxe7 25. Bxd6 Ree8 26. Bxb8 Rxb8 27. d5
c4 28. Ne4 Nxd5 29. Qd4 Nf4 30. Nf6+ Nxf6 31. Qxf4 Qc5+ 32. Qd4 Qc7 33. Rd1 Qg3
34. Qxc4 Rb2 35. Qc6 Rxa2 36. Qa8+ Kh7 37. c4 a5 38. Qf3 Qe5 39. Rc1 Qc5+ 40.
Kh1 a4 41. Qc3 Qf2 42. Qf3 Qc5 43. Qf1 a3 44. Qf3 Rb2 45. Ra1 a2 46. Qf1 Qb4
0-1

[Event "Gibtelecom ChallWk1 5th"]
[Site "Gibraltar"]
[Date "2007.01.27"]
[Round "5.9"]
[White "Sharp, Dale"]
[Black "Galliano, Alex"]
[Result "1-0"]
[WhiteElo "2085"]
[BlackElo "1300"]
[PlyCount "47"]
[EventDate "2007.01.23"]
[EventType "swiss"]
[EventRounds "5"]
[EventCountry "GGB"]
[SourceTitle "BritBase"]
[Source "www.saund.co.uk"]
[SourceDate "2018.02.10"]
[SourceVersion "1"]
[SourceVersionDate "2018.02.10"]
[SourceQuality "1"]

1. e4 e5 2. f4 Bc5 3. Nf3 d6 4. Nc3 Nf6 5. d3 Ng4 6. fxe5 dxe5 7. Bg5 Qd6 8.
Bh4 Qb6 9. Nd5 Qd6 10. Qd2 c6 11. Be7 Bf2+ 12. Qxf2 Qd7 13. Qg3 cxd5 14. Ba3 f6
15. O-O-O d4 16. Kb1 Ne3 17. Rc1 Nc6 18. c3 Qf7 19. cxd4 exd4 20. Rxc6 bxc6 21.
Nxd4 Nxf1 22. Rxf1 Bd7 23. Qd6 Rc8 24. e5 1-0

[Event "Gibtelecom ChallWk1 5th"]
[Site "Gibraltar"]
[Date "2007.01.27"]
[Round "5.10"]
[White "Kvisla, Johannes Luangtep"]
[Black "Strand, Haakon"]
[Result "1/2-1/2"]
[WhiteElo "2134"]
[BlackElo "2015"]
[PlyCount "93"]
[EventDate "2007.01.23"]
[EventType "swiss"]
[EventRounds "5"]
[EventCountry "GGB"]
[SourceTitle "BritBase"]
[Source "www.saund.co.uk"]
[SourceDate "2018.02.10"]
[SourceVersion "1"]
[SourceVersionDate "2018.02.10"]
[SourceQuality "1"]

1. Nf3 Nf6 2. c4 e6 3. d4 c5 4. Nc3 cxd4 5. Nxd4 Nc6 6. Ndb5 d6 7. e4 a6 8. Na3
Be7 9. Be2 O-O 10. O-O b6 11. Nc2 Bb7 12. Ne3 Ne5 13. f3 Qc7 14. Kh1 Rfd8 15.
Bd2 Rac8 16. Rc1 Nfd7 17. b4 Nc6 18. Nc2 Nce5 19. Ne3 Bf6 20. f4 Nc6 21. Ncd5
Qb8 22. Nxf6+ Nxf6 23. Bd3 Ne7 24. Bc3 e5 25. Nd5 Bxd5 26. exd5 b5 27. fxe5
dxe5 28. Qe1 Ng6 29. Bxg6 hxg6 30. Bxe5 Qb7 31. Rxf6 gxf6 32. Bxf6 Rd6 33. Qh4
Rxf6 34. Qxf6 Qxd5 35. c5 Rc6 36. Qb2 Re6 37. h3 Qc6 38. Rd1 Qc7 39. Qd2 Kg7
40. Qd4+ Kh7 41. Rf1 Kg8 42. Qd5 Kg7 43. Qd4+ Kg8 44. Qf4 Re5 45. Kh2 Kg7 46.
Re1 Rxc5 47. Qxc7 1/2-1/2

[Event "Gibtelecom ChallWk1 5th"]
[Site "Gibraltar"]
[Date "2007.01.27"]
[Round "5.11"]
[White "Obers, Frits"]
[Black "Vickery, Jim"]
[Result "1/2-1/2"]
[WhiteElo "2071"]
[BlackElo "2132"]
[PlyCount "48"]
[EventDate "2007.01.23"]
[EventType "swiss"]
[EventRounds "5"]
[EventCountry "GGB"]
[SourceTitle "BritBase"]
[Source "www.saund.co.uk"]
[SourceDate "2018.02.10"]
[SourceVersion "1"]
[SourceVersionDate "2018.02.10"]
[SourceQuality "1"]

1. d4 Nf6 2. c4 d6 3. Nc3 e5 4. Nf3 Nbd7 5. e3 g6 6. Be2 Bg7 7. O-O O-O 8. b4
a5 9. b5 Re8 10. Ba3 b6 11. Rc1 Bb7 12. c5 dxc5 13. dxc5 Bf8 14. c6 Bxa3 15.
cxb7 Rb8 16. Rc2 Rxb7 17. Bc4 Bd6 18. Ng5 Rf8 19. Nce4 Nxe4 20. Nxe4 Nf6 21.
Nxf6+ Qxf6 22. e4 Rbb8 23. Bd5 Qe7 24. Rc3 Kg7 1/2-1/2

[Event "Gibtelecom ChallWk1 5th"]
[Site "Gibraltar"]
[Date "2007.01.27"]
[Round "5.12"]
[White "Mayers, Dan"]
[Black "Agdestein, Emil"]
[Result "1-0"]
[WhiteElo "1965"]
[BlackElo "2116"]
[PlyCount "45"]
[EventDate "2007.01.23"]
[EventType "swiss"]
[EventRounds "5"]
[EventCountry "GGB"]
[SourceTitle "BritBase"]
[Source "www.saund.co.uk"]
[SourceDate "2018.02.10"]
[SourceVersion "1"]
[SourceVersionDate "2018.02.10"]
[SourceQuality "1"]

1. e4 c5 2. d4 cxd4 3. c3 d3 4. c4 g6 5. Bxd3 Bg7 6. Nc3 d6 7. Nf3 Nc6 8. Be3
Nf6 9. Rc1 O-O 10. Bb1 Ng4 11. Bg5 Be6 12. b3 Rc8 13. h3 Nf6 14. Qd2 Qa5 15.
O-O a6 16. Bh6 Ne5 17. Nd4 Bd7 18. Nd5 Qd8 19. Nxf6+ Bxf6 20. Bxf8 Kxf8 21.
Rfd1 Qb6 22. Qe3 Nc6 23. Ne6+ 1-0

[Event "Gibtelecom ChallWk1 5th"]
[Site "Gibraltar"]
[Date "2007.01.27"]
[Round "5.13"]
[White "Beltran Medina, Jorge"]
[Black "Wright, Jonathan"]
[Result "1/2-1/2"]
[WhiteElo "2104"]
[BlackElo "1600"]
[PlyCount "93"]
[EventDate "2007.01.23"]
[EventType "swiss"]
[EventRounds "5"]
[EventCountry "GGB"]
[SourceTitle "BritBase"]
[Source "www.saund.co.uk"]
[SourceDate "2018.02.10"]
[SourceVersion "1"]
[SourceVersionDate "2018.02.10"]
[SourceQuality "1"]

1. d4 Nf6 2. c4 e6 3. g3 c5 4. Nf3 cxd4 5. Nxd4 Nc6 6. Nc3 a6 7. Bg2 Be7 8. O-O
Qc7 9. b3 O-O 10. Bb2 d6 11. Rc1 Bd7 12. h3 Rac8 13. Qd2 Rfd8 14. e4 Qb8 15.
Rce1 Nxd4 16. Qxd4 b5 17. cxb5 axb5 18. a3 e5 19. Qd2 b4 20. axb4 Qxb4 21. Re3
Be6 22. Rd1 Bxb3 23. Nd5 Nxd5 24. Qxb4 Nxb4 25. Rxb3 Nc6 26. Bc3 Rb8 27. Rdb1
Rxb3 28. Rxb3 Rb8 29. Rxb8+ Nxb8 30. Bf1 Nd7 31. Bb5 Nc5 32. f3 g6 33. Bb4 Ne6
34. Kf2 Kg7 35. Bc4 h5 36. Bc3 h4 37. Bxe6 hxg3+ 38. Kxg3 fxe6 39. f4 Bf6 40.
fxe5 dxe5 41. Kg4 Kf7 42. h4 Ke7 43. h5 gxh5+ 44. Kxh5 Kd6 45. Kg6 Bh4 46. Bb4+
Kd7 47. Kf7 1/2-1/2

[Event "Gibtelecom ChallWk1 5th"]
[Site "Gibraltar"]
[Date "2007.01.27"]
[Round "5.14"]
[White "Morris-Hill, Ray"]
[Black "Straub, Peter"]
[Result "1-0"]
[WhiteElo "1892"]
[BlackElo "2096"]
[PlyCount "83"]
[EventDate "2007.01.23"]
[EventType "swiss"]
[EventRounds "5"]
[EventCountry "GGB"]
[SourceTitle "BritBase"]
[Source "www.saund.co.uk"]
[SourceDate "2018.02.10"]
[SourceVersion "1"]
[SourceVersionDate "2018.02.10"]
[SourceQuality "1"]

1. d4 Nf6 2. Nf3 e6 3. e3 b6 4. Bd3 Bb7 5. O-O Be7 6. c4 O-O 7. Nc3 d5 8. b3
Nbd7 9. Bb2 c5 10. Re1 Rc8 11. Rc1 Re8 12. cxd5 exd5 13. Ne2 Bd6 14. Ng3 g6 15.
Bb1 Qc7 16. Qc2 Qb8 17. Qd3 Ne4 18. Nd2 h5 19. Ngf1 h4 20. f3 Ng5 21. f4 Ne4
22. Nxe4 dxe4 23. Qd1 Qc7 24. dxc5 bxc5 25. Qg4 Be7 26. Red1 Rcd8 27. Nd2 Bf6
28. Bxf6 Nxf6 29. Qxh4 Kg7 30. Nc4 Rd5 31. Rxd5 Nxd5 32. Qf2 Qe7 33. Nd2 f5 34.
Nc4 Nb4 35. Ne5 Rd8 36. Qb2 Kh7 37. Qc3 Ba6 38. a3 Nd3 39. Bxd3 exd3 40. Rd1
Qe6 41. Qxc5 d2 42. Qc7+ 1-0

[Event "Gibtelecom ChallWk1 5th"]
[Site "Gibraltar"]
[Date "2007.01.27"]
[Round "5.15"]
[White "Hickman, John E"]
[Black "Jameson, David"]
[Result "0-1"]
[WhiteElo "2052"]
[BlackElo "1972"]
[PlyCount "79"]
[EventDate "2007.01.23"]
[EventType "swiss"]
[EventRounds "5"]
[EventCountry "GGB"]
[SourceTitle "BritBase"]
[Source "www.saund.co.uk"]
[SourceDate "2018.02.10"]
[SourceVersion "1"]
[SourceVersionDate "2018.02.10"]
[SourceQuality "1"]

1. e4 c6 2. d4 d5 3. Nc3 dxe4 4. Nxe4 Bf5 5. Ng3 Bg6 6. h4 h6 7. Nf3 Nd7 8. h5
Bh7 9. Bd3 Bxd3 10. Qxd3 Ngf6 11. Bf4 Qa5+ 12. Bd2 Qc7 13. Ne4 Nxe4 14. Qxe4 e6
15. O-O-O Nf6 16. Qe2 O-O-O 17. c4 c5 18. Bc3 Qf4+ 19. Kc2 Qe4+ 20. Qxe4 Nxe4
21. Rhf1 Be7 22. Ne5 Rhf8 23. g4 Bf6 24. f4 Kc7 25. dxc5 Nxc3 26. Kxc3 g5 27.
hxg6 fxg6 28. Rh1 Rxd1 29. Rxd1 Bxe5+ 30. fxe5 Rf3+ 31. Rd3 Rxd3+ 32. Kxd3 a5
33. b3 Kc6 34. Kd4 h5 35. a3 h4 36. Ke4 Kxc5 37. g5 a4 38. bxa4 Kxc4 39. Kf4
Kb3 40. Kg4 0-1

[Event "Gibtelecom ChallWk1 5th"]
[Site "Gibraltar"]
[Date "2007.01.27"]
[Round "5.16"]
[White "Kuenitz, Klaus"]
[Black "Pettersen, Joar Gullestad"]
[Result "0-1"]
[WhiteElo "1733"]
[BlackElo "2032"]
[PlyCount "48"]
[EventDate "2007.01.23"]
[EventType "swiss"]
[EventRounds "5"]
[EventCountry "GGB"]
[SourceTitle "BritBase"]
[Source "www.saund.co.uk"]
[SourceDate "2018.02.10"]
[SourceVersion "1"]
[SourceVersionDate "2018.02.10"]
[SourceQuality "1"]

1. e4 c6 2. f4 d5 3. e5 Bf5 4. d4 h5 5. Bd3 Bxd3 6. Qxd3 e6 7. Be3 Nh6 8. h3 h4
9. Ne2 Nf5 10. Bf2 Qb6 11. b3 c5 12. dxc5 Bxc5 13. Bxc5 Qxc5 14. Nd2 Nc6 15. c3
Rc8 16. O-O-O Qa3+ 17. Kb1 a6 18. Qc2 Ne3 19. Qb2 Qxb2+ 20. Kxb2 Nxd1+ 21. Rxd1
Ne7 22. Nd4 g6 23. N2f3 Nf5 24. Nxf5 gxf5 0-1

[Event "Gibtelecom ChallWk1 5th"]
[Site "Gibraltar"]
[Date "2007.01.27"]
[Round "5.17"]
[White "Gravett, Alan D"]
[Black "Young, Melvyn"]
[Result "0-1"]
[WhiteElo "1869"]
[BlackElo "1717"]
[PlyCount "58"]
[EventDate "2007.01.23"]
[EventType "swiss"]
[EventRounds "5"]
[EventCountry "GGB"]
[SourceTitle "BritBase"]
[Source "www.saund.co.uk"]
[SourceDate "2018.02.10"]
[SourceVersion "1"]
[SourceVersionDate "2018.02.10"]
[SourceQuality "1"]

1. g3 f5 2. c4 e5 3. d3 c6 4. Nf3 d6 5. Bg2 Be7 6. Nc3 Nf6 7. O-O O-O 8. c5 Na6
9. cxd6 Qxd6 10. a3 Be6 11. b4 Rac8 12. Qc2 Nc7 13. Bb2 f4 14. Na4 fxg3 15.
hxg3 Ng4 16. Nc5 Bd5 17. Ne4 Bxe4 18. dxe4 Qh6 19. Qc1 Qh5 20. Qc4+ Kh8 21.
Rfd1 Bg5 22. Bc1 Bxc1 23. Raxc1 Nb5 24. Rd5 Rce8 25. Rxb5 cxb5 26. Qxb5 Qh6 27.
Rc7 Rd8 28. Qc5 Rxf3 29. Rd7 Rff8 0-1

[Event "Gibtelecom ChallWk1 5th"]
[Site "Gibraltar"]
[Date "2007.01.27"]
[Round "5.18"]
[White "Dimitrijevic, Dragan"]
[Black "Ruiz Manrique, Joaquin"]
[Result "1-0"]
[WhiteElo "2037"]
[BlackElo "1950"]
[PlyCount "103"]
[EventDate "2007.01.23"]
[EventType "swiss"]
[EventRounds "5"]
[EventCountry "GGB"]
[SourceTitle "BritBase"]
[Source "www.saund.co.uk"]
[SourceDate "2018.02.10"]
[SourceVersion "1"]
[SourceVersionDate "2018.02.10"]
[SourceQuality "1"]

1. e4 c5 2. c3 Nf6 3. e5 Nd5 4. d4 d6 5. dxc5 dxc5 6. Bc4 e6 7. Nf3 b6 8. O-O
Bb7 9. Ng5 Be7 10. Qh5 Bxg5 11. Bxg5 Qc7 12. Re1 Nc6 13. Bh4 Nce7 14. Bg3 Qc6
15. Bf1 g6 16. Qe2 h5 17. h4 Nf5 18. Nd2 O-O-O 19. Ne4 Kb8 20. a4 a6 21. Reb1
Nf4 22. Bxf4 Qxe4 23. Bg5 Rc8 24. Rd1 Qxe2 25. Bxe2 Rc7 26. Rd2 c4 27. Rad1 Bd5
28. Kh2 Rhc8 29. g3 Ne7 30. Be3 Kb7 31. Bg5 Nc6 32. Bf6 Na5 33. f3 Nb3 34. g4
Nxd2 35. Rxd2 Bc6 36. gxh5 gxh5 37. f4 Rd7 38. Rxd7+ Bxd7 39. Bxh5 b5 40. axb5
axb5 41. Bxf7 Ra8 42. h5 Ra2 43. h6 Rxb2+ 44. Kg3 Rc2 45. h7 Rxc3+ 46. Kg4 b4
47. h8=Q b3 48. Qf8 Rc1 49. Qb4+ Kc7 50. Be7 Rg1+ 51. Kh4 Bc6 52. Bd8+ 1-0

[Event "Gibtelecom ChallWk1 5th"]
[Site "Gibraltar"]
[Date "2007.01.27"]
[Round "5.19"]
[White "Garcia, Mario"]
[Black "Hamer, Martyn"]
[Result "1/2-1/2"]
[WhiteElo "1424"]
[BlackElo "1987"]
[PlyCount "87"]
[EventDate "2007.01.23"]
[EventType "swiss"]
[EventRounds "5"]
[EventCountry "GGB"]
[SourceTitle "BritBase"]
[Source "www.saund.co.uk"]
[SourceDate "2018.02.10"]
[SourceVersion "1"]
[SourceVersionDate "2018.02.10"]
[SourceQuality "1"]

1. e4 e5 2. Nf3 f5 3. d3 Nc6 4. Nc3 Nf6 5. Be2 Bc5 6. Bg5 h6 7. Bxf6 Qxf6 8.
Nd5 Qd8 9. Nxe5 Bxf2+ 10. Kxf2 Nxe5 11. Rf1 O-O 12. Kg1 c6 13. Nf4 fxe4 14. d4
Nf7 15. Ng6 Re8 16. Bh5 Re6 17. d5 Rf6 18. dxc6 bxc6 19. Kh1 d5 20. Qd4 Ba6 21.
Rxf6 Qxf6 22. Qxf6 gxf6 23. Ne7+ Kg7 24. Nxc6 Rc8 25. Nd4 Nd6 26. Bg4 Rb8 27.
b3 Kg6 28. Be6 Bb7 29. Re1 f5 30. Rf1 Rf8 31. Kg1 f4 32. Bd7 Rf6 33. Re1 Nf7
34. a4 Ne5 35. Bb5 f3 36. gxf3 Nxf3+ 37. Nxf3 Rxf3 38. Be2 Rc3 39. Bd1 Ba6 40.
Kf2 Kf6 41. Re3 Rxe3 42. Kxe3 Ke5 43. c3 Bd3 44. b4 1/2-1/2

[Event "Gibtelecom ChallWk1 5th"]
[Site "Gibraltar"]
[Date "2007.01.27"]
[Round "5.20"]
[White "Manetto, Luis"]
[Black "Portman, Carl"]
[Result "0-1"]
[WhiteElo "1568"]
[BlackElo "1848"]
[PlyCount "80"]
[EventDate "2007.01.23"]
[EventType "swiss"]
[EventRounds "5"]
[EventCountry "GGB"]
[SourceTitle "BritBase"]
[Source "www.saund.co.uk"]
[SourceDate "2018.02.10"]
[SourceVersion "1"]
[SourceVersionDate "2018.02.10"]
[SourceQuality "1"]

1. e4 e6 2. d4 d5 3. Nc3 Nf6 4. e5 Nfd7 5. Nf3 a6 6. Bg5 Be7 7. Bxe7 Qxe7 8.
Be2 c5 9. a4 Nc6 10. O-O cxd4 11. Nxd4 Ndxe5 12. f4 Qc5 13. fxe5 Qxd4+ 14. Qxd4
Nxd4 15. Bd3 Nc6 16. Rae1 Nb4 17. Nd1 Nxd3 18. cxd3 Bd7 19. a5 Rc8 20. Ne3 Ke7
21. Rc1 Bb5 22. Rfd1 Rc6 23. Rxc6 bxc6 24. d4 f6 25. b4 Rb8 26. Rb1 fxe5 27.
dxe5 Rf8 28. g3 d4 29. Nc2 Rd8 30. Na3 Rd5 31. Rd1 d3 32. Nxb5 cxb5 33. Kf2
Rxe5 34. Rxd3 Re4 35. Rb3 e5 36. Kf3 Rd4 37. Ke3 Kd6 38. h4 Kd5 39. Rd3 Kc4 40.
Rxd4+ exd4+ 0-1

[Event "Gibtelecom ChallWk2 5th"]
[Site "Gibraltar"]
[Date "2007.01.28"]
[Round "1.1"]
[White "Perez Romero, Carlos"]
[Black "Norman, Kenneth I"]
[Result "0-1"]
[WhiteElo "2019"]
[BlackElo "2151"]
[PlyCount "34"]
[EventDate "2007.01.28"]
[EventType "swiss"]
[EventRounds "5"]
[EventCountry "GGB"]
[SourceTitle "BritBase"]
[Source "www.saund.co.uk"]
[SourceDate "2018.02.10"]
[SourceVersion "1"]
[SourceVersionDate "2018.02.10"]
[SourceQuality "1"]

1. e4 e5 2. Nf3 Nc6 3. d4 exd4 4. Nxd4 Bc5 5. Be3 Qf6 6. c3 Nge7 7. Bc4 Ne5 8.
Be2 d6 9. O-O Qg6 10. Nb5 O-O 11. Bxc5 Bh3 12. Bf3 dxc5 13. Nxc7 Rad8 14. Qe2
Rd3 15. Kh1 Nxf3 16. gxh3 Qd6 17. e5 Qc6 0-1

[Event "Gibtelecom ChallWk2 5th"]
[Site "Gibraltar"]
[Date "2007.01.28"]
[Round "1.1"]
[White "Pettersen, Joar Gullestad"]
[Black "Menon, Shanker"]
[Result "0-1"]
[WhiteElo "2032"]
[BlackElo "2194"]
[PlyCount "128"]
[EventDate "2007.01.28"]
[EventType "swiss"]
[EventRounds "5"]
[EventCountry "GGB"]
[SourceTitle "BritBase"]
[Source "www.saund.co.uk"]
[SourceDate "2018.02.10"]
[SourceVersion "1"]
[SourceVersionDate "2018.02.10"]
[SourceQuality "1"]

1. d4 d5 2. Nf3 Nf6 3. e3 Bf5 4. Bd3 Bxd3 5. Qxd3 c6 6. Nbd2 Nbd7 7. O-O e6 8.
e4 dxe4 9. Nxe4 Be7 10. Bf4 O-O 11. Bg3 Qa5 12. c4 Nxe4 13. Qxe4 Nf6 14. Qe2
Rfe8 15. Rfd1 Rad8 16. b3 Ng4 17. Rd3 Bf6 18. Rad1 Nh6 19. Be5 Be7 20. h3 Nf5
21. Bf4 Bf8 22. Bc1 Qc7 23. Bb2 f6 24. Qe4 Nd6 25. Qe3 Nf5 26. Qe4 Nd6 27. Qf4
Qf7 28. Bc3 Rd7 29. a4 b5 30. axb5 cxb5 31. c5 Nc8 32. Nh2 Ne7 33. Nf1 Nd5 34.
Qc1 f5 35. Ne3 Nxe3 36. Qxe3 Rd5 37. Ra1 Qd7 38. Rd2 e5 39. dxe5 Bxc5 40. Qxc5
Rxd2 41. Bxd2 Qxd2 42. Qxb5 Rc8 43. e6 Rc1+ 44. Rxc1 Qxc1+ 45. Qf1 Qxf1+ 46.
Kxf1 Kf8 47. Ke2 Ke7 48. Kd3 Kxe6 49. Kc4 Ke5 50. b4 Ke4 51. b5 f4 52. Kb4 Kd4
53. f3 g5 54. Ka5 Kc4 55. Ka4 h6 56. Ka5 Kb3 57. Ka6 Kb4 58. Kxa7 Kxb5 59. Kb7
Kc5 60. Kc7 Kd4 61. Kd6 Ke3 62. Ke6 Kf2 63. Kf5 Kxg2 64. Kg4 h5+ 0-1

[Event "Gibtelecom ChallWk2 5th"]
[Site "Gibraltar"]
[Date "2007.01.28"]
[Round "1.2"]
[White "Osuna Vega, Enrique"]
[Black "Dimitrijevic, Dragan"]
[Result "0-1"]
[WhiteElo "2177"]
[BlackElo "2037"]
[PlyCount "96"]
[EventDate "2007.01.28"]
[EventType "swiss"]
[EventRounds "5"]
[EventCountry "GGB"]
[SourceTitle "BritBase"]
[Source "www.saund.co.uk"]
[SourceDate "2018.02.10"]
[SourceVersion "1"]
[SourceVersionDate "2018.02.10"]
[SourceQuality "1"]

1. e4 c5 2. Nf3 e6 3. d4 cxd4 4. Nxd4 Nf6 5. Nc3 d6 6. Be3 a6 7. f3 b5 8. g4 h6
9. Qd2 Nbd7 10. O-O-O Bb7 11. h4 b4 12. Nce2 d5 13. Ng3 dxe4 14. g5 hxg5 15.
hxg5 Rxh1 16. Nxh1 Nh5 17. g6 Qc7 18. gxf7+ Kxf7 19. Nxe6 Kxe6 20. Bh3+ Kf6 21.
Bxd7 Bc5 22. Bd4+ Kf7 23. Qg5 Bxd4 24. Qxh5+ g6 25. Qh7+ Bg7 26. Qh3 Qf4+ 27.
Kb1 Qf6 28. c3 bxc3 29. Qh2 exf3 30. Be6+ Ke8 31. Re1 Qe7 32. Qg3 Kf8 33. Bd5
c2+ 34. Kc1 Bh6+ 35. Kxc2 Qc5+ 36. Kb1 Qxd5 37. Qxg6 Bg7 38. Qb6 Re8 39. Qb4+
Kf7 40. Qf4+ Bf6 41. Qc7+ Re7 42. Rxe7+ Bxe7 43. Qf4+ Ke6 44. Qh6+ Bf6 45. Nf2
Qg5 46. Qh1 Bd4 47. Qf1 Bxf2 48. Qxf2 Be4+ 0-1

[Event "Gibtelecom ChallWk2 5th"]
[Site "Gibraltar"]
[Date "2007.01.28"]
[Round "1.4"]
[White "Andreassen, Lars"]
[Black "Dennis, Nigel W"]
[Result "1-0"]
[WhiteElo "2160"]
[BlackElo "1998"]
[PlyCount "129"]
[EventDate "2007.01.28"]
[EventType "swiss"]
[EventRounds "5"]
[EventCountry "GGB"]
[SourceTitle "BritBase"]
[Source "www.saund.co.uk"]
[SourceDate "2018.02.10"]
[SourceVersion "1"]
[SourceVersionDate "2018.02.10"]
[SourceQuality "1"]

1. d4 Nf6 2. c4 g6 3. Nf3 Bg7 4. Nc3 O-O 5. g3 d6 6. Bg2 c5 7. d5 a6 8. O-O Bg4
9. h3 Bxf3 10. Bxf3 Nbd7 11. e4 Rb8 12. a4 Qc7 13. Qe2 e5 14. dxe6 fxe6 15. Bf4
Ne5 16. Bg2 Nfd7 17. Rad1 Rbd8 18. Rd2 Nb8 19. Be3 Nec6 20. Kh2 Nd4 21. Qg4
Nbc6 22. f4 b6 23. Ne2 Rde8 24. Bxd4 Nxd4 25. Nxd4 Bxd4 26. f5 exf5 27. exf5
Kh8 28. fxg6 Rxf1 29. Bxf1 h6 30. Bg2 Qe7 31. h4 Kg7 32. h5 Qe1 33. Rd1 Qe6 34.
Qxe6 Rxe6 35. Rf1 Rf6 36. Rxf6 Kxf6 37. b3 Kg5 38. Bf3 Be5 39. Kg2 Bd4 40. Kf1
Kf5 41. Ke2 Bg7 42. Kf2 Bd4+ 43. Kg2 Kg5 44. Be2 Bg7 45. Kf1 Kf5 46. Kf2 Ke5
47. Kf3 Bf6 48. g4 Bg7 49. Bd3 Bf6 50. g5 Bg7 51. Kg4 Kd4 52. Bc2 Kc3 53. Bd1
Kd2 54. Bf3 Kc3 55. Bb7 a5 56. Bc6 Kxb3 57. Bb5 Kc3 58. Kf5 Kd4 59. gxh6 Bxh6
60. Kf6 d5 61. cxd5 Kxd5 62. g7 Bxg7+ 63. Kxg7 c4 64. h6 c3 65. Bd3 1-0

[Event "Gibtelecom ChallWk2 5th"]
[Site "Gibraltar"]
[Date "2007.01.28"]
[Round "1.5"]
[White "Strand, Haakon"]
[Black "Nemcova, Katerina"]
[Result "1/2-1/2"]
[WhiteElo "2015"]
[BlackElo "2147"]
[PlyCount "71"]
[EventDate "2007.01.28"]
[EventType "swiss"]
[EventRounds "5"]
[EventCountry "GGB"]
[SourceTitle "BritBase"]
[Source "www.saund.co.uk"]
[SourceDate "2018.02.10"]
[SourceVersion "1"]
[SourceVersionDate "2018.02.10"]
[SourceQuality "1"]

1. d4 Nf6 2. c4 g6 3. Nc3 Bg7 4. e4 d6 5. Be2 O-O 6. g4 a6 7. g5 Nfd7 8. h4 Nc6
9. Be3 e5 10. Nf3 Re8 11. d5 Ne7 12. h5 Nf8 13. hxg6 Nexg6 14. Qd2 Bd7 15. Nh4
Nxh4 16. Rxh4 Ng6 17. Rh2 Nf4 18. O-O-O Qxg5 19. Rdh1 h6 20. Bf3 Kf8 21. Ne2
Nxe2+ 22. Qxe2 Qf6 23. Bg4 Bxg4 24. Qxg4 Qg6 25. Qxg6 fxg6 26. Bxh6 Rac8 27.
Rg2 c6 28. Rxg6 Bxh6+ 29. Rhxh6 cxd5 30. Rf6+ Ke7 31. Re6+ Kf7 32. Ref6+ Ke7
33. Re6+ Kf7 34. Rxd6 Rxc4+ 35. Kb1 Rec8 36. Rhf6+ 1/2-1/2

[Event "Gibtelecom ChallWk2 5th"]
[Site "Gibraltar"]
[Date "2007.01.28"]
[Round "1.6"]
[White "Vea, Odin Blikra"]
[Black "Murray, J Stephen"]
[Result "1-0"]
[WhiteElo "2147"]
[BlackElo "2010"]
[PlyCount "55"]
[EventDate "2007.01.28"]
[EventType "swiss"]
[EventRounds "5"]
[EventCountry "GGB"]
[SourceTitle "BritBase"]
[Source "www.saund.co.uk"]
[SourceDate "2018.02.10"]
[SourceVersion "1"]
[SourceVersionDate "2018.02.10"]
[SourceQuality "1"]

1. e4 c5 2. Nc3 d6 3. f4 g6 4. Nf3 Bg7 5. Bc4 Nc6 6. d3 Nf6 7. O-O O-O 8. f5 e6
9. fxg6 hxg6 10. Qe1 Nd4 11. Bg5 Qc7 12. Nxd4 cxd4 13. Nb5 Qc5 14. Bxf6 Bxf6
15. Rxf6 a6 16. Na3 b5 17. Bb3 a5 18. Qg3 Ra7 19. Raf1 a4 20. Qf4 d5 21. Nxb5
axb3 22. Nxa7 bxc2 23. Rxf7 Rxf7 24. Qxf7+ Kh8 25. Qe8+ Kh7 26. Rf7+ Kh6 27.
Qh8+ Kg5 28. Qf6+ 1-0

[Event "Gibtelecom ChallWk2 5th"]
[Site "Gibraltar"]
[Date "2007.01.28"]
[Round "1.8"]
[White "Millward, Richard"]
[Black "Mayers, Dan"]
[Result "1-0"]
[WhiteElo "2140"]
[BlackElo "1965"]
[PlyCount "125"]
[EventDate "2007.01.28"]
[EventType "swiss"]
[EventRounds "5"]
[EventCountry "GGB"]
[SourceTitle "BritBase"]
[Source "www.saund.co.uk"]
[SourceDate "2018.02.10"]
[SourceVersion "1"]
[SourceVersionDate "2018.02.10"]
[SourceQuality "1"]

1. e4 e6 2. Nf3 d5 3. Nc3 Nf6 4. e5 Nfd7 5. Ne2 Nc6 6. d4 f6 7. Nf4 Qe7 8. Bd3
fxe5 9. dxe5 Ndxe5 10. Nxe5 Nxe5 11. Qh5+ Nf7 12. Bxh7 Qg5 13. Qxg5 Nxg5 14.
Bg6+ Nf7 15. O-O Ke7 16. Re1 Kf6 17. b3 Bd6 18. Bb2+ Be5 19. Rxe5 Nxe5 20. Re1
Rh4 21. Bxe5+ Kg5 22. Bf7 Rxf4 23. Bxf4+ Kxf4 24. Bxe6 Bxe6 25. Rxe6 Rc8 26.
Re7 g5 27. g3+ Kf5 28. Kg2 Kf6 29. Rh7 b5 30. Rh6+ Kf7 31. Rc6 b4 32. Kf3 Ke7
33. Rg6 Rf8+ 34. Ke2 Rf5 35. Ra6 g4 36. Rxa7 Kd6 37. a3 bxa3 38. Rxa3 c6 39.
Ra4 Re5+ 40. Kd3 Rf5 41. Rxg4 Rxf2 42. Rg6+ Kc5 43. h4 Rf3+ 44. Kd2 Rf2+ 45.
Kc1 Rh2 46. Rg5 Kd4 47. Kb2 Ke4 48. b4 Rh1 49. Rg6 Rh3 50. Rxc6 Rxg3 51. b5 Rg7
52. b6 Rb7 53. h5 d4 54. h6 Kd5 55. Rg6 Kc5 56. Kc1 Kc4 57. Kd2 Kc5 58. Kd3 Re7
59. Rg5+ Kxb6 60. Rh5 Rh7 61. Kxd4 Kc6 62. Ke5 Kd7 63. Ke4 1-0